000 00244nam a2200097Ia 4500
001 726588
005 20250826163431.0
008 250824s9999 xx 000 0 und d
245 0 _aTEKİN YILDIZI
_cALİ ŞAÇIKARA
260 _bATLIKARINCA YAYINLARI
999 _c726588
_d726588